[Event "20th Dubai Open 2018"]
[Site "Dubai UAE"]
[Date "2018.04.07"]
[Round "5.4"]
[White "Kryvoruchko, Yuriy"]
[Black "Debashis, Das"]
[Result "1-0"]
[WhiteTitle "GM"]
[BlackTitle "GM"]
[WhiteElo "2703"]
[BlackElo "2518"]
[WhiteFideId "14109182"]
[BlackFideId "5024854"]
[EventDate "2018.04.02"]

1. c4 Nf6 2. Nc3 e6 3. e4 d5 4. cxd5 exd5 5. e5 Ne4 6. Nf3 Be7 7. Qa4+ Bd7 8.
Qb3 Nc5 9. Qc2 Bg4 10. d4 Ne6 11. Be3 Bxf3 12. gxf3 c5 13. dxc5 d4 14. O-O-O Nc6
15. f4 Qa5 16. f5 Nxc5 17. Bxd4 O-O-O 18. Bxc5 Qxc5 19. Bg2 Qxe5 20. Bxc6 bxc6
21. Nd5 Qd6 22. Rhe1 Bg5+ 23. Kb1 Rd7 24. Nb6+ axb6 25. Rxd6 Rxd6 26. Qb3 Kc7
27. Qxf7+ Rd7 28. Qb3 Bf6 29. Qa4 Kb7 30. Re6 Rc8 31. Qc2 Rd4 32. a3 Rd5 33. Ka2
b5 34. f3 Rc7 35. Kb1 Rc8 36. Qe4 Rd2 37. Rxf6 gxf6 38. a4 Rd1+ 39. Kc2 Rd7 40.
axb5 Kb6 41. Qe6 Rcc7 42. Qxf6 Rd5 43. Qe6 Kxb5 44. f6 Rdd7 45. Kc3 c5 46. f4
Ra7 47. h4 Rac7 48. Qe8 Kb6 49. h5 Ka6 50. Qb8 Rb7 51. Qc8 Kb6 52. f5 Rbc7 53.
Qg8 Kb5 54. Qc4+ Kb6 55. Kc2 Ra7 56. h6 Rac7 57. Qb3+ Kc6 58. Qe3 Kb5 59. Kc3
Ra7 60. Qe5 Rac7 61. Qg3 Kb6 62. Qg8 Kb5 63. Qa8 Kb6 64. Qe8 Rb7 65. f7 Rxf7 66.
Kc4 Rfc7 67. f6 Ka7 68. Kd5 Kb6 69. Kd6 Ka7 70. Qd8 Rf7 71. Ke6 Ka6 72. Qe8 Rfc7
73. f7 1-0

[Event "20th Dubai Open 2018"]
[Site "Dubai UAE"]
[Date "2018.04.07"]
[Round "5.5"]
[White "Jones, Gawain C B"]
[Black "Gagare, Shardul"]
[Result "1-0"]
[WhiteTitle "GM"]
[BlackTitle "GM"]
[WhiteElo "2675"]
[BlackElo "2502"]
[WhiteFideId "409561"]
[BlackFideId "5037883"]
[EventDate "2018.04.02"]

1. e4 e5 2. Nf3 Nc6 3. Bb5 a6 4. Ba4 Nf6 5. O-O Be7 6. Re1 b5 7. Bb3 d6 8. c3
O-O 9. d4 Bg4 10. Be3 Bh5 11. h3 exd4 12. cxd4 d5 13. e5 Ne4 14. Nbd2 Bb4 15.
Qc2 Bxf3 16. Nxf3 Na5 17. Nd2 Nxd2 18. Bxd2 Bxd2 19. Qxd2 Nc4 20. Qc3 Rc8 21.
Bc2 g6 22. b3 Nb6 23. Bd1 c6 24. Rc1 Nd7 25. e6 fxe6 26. Bg4 Kg7 27. Rxe6 Nf6
28. Bf3 Qb6 29. Qc5 Qxc5 30. Rxc5 Rfe8 31. Rxe8 Rxe8 32. Rxc6 Re1+ 33. Kh2 Ne4
34. Rxa6 Nxf2 35. Bxd5 Nd1 36. Ra7+ Kh8 37. Kg3 Nc3 38. Bf3 b4 39. d5 Re8 40. d6
Rd8 41. Ra8 Ne2+ 42. Kg4 Rxa8 43. Bxa8 Nd4 44. Bd5 1-0

[Event "20th Dubai Open 2018"]
[Site "Dubai UAE"]
[Date "2018.04.07"]
[Round "5.6"]
[White "Safarli, Eltaj"]
[Black "Deepan, Chakkravarthy J."]
[Result "1-0"]
[WhiteTitle "GM"]
[BlackTitle "GM"]
[WhiteElo "2653"]
[BlackElo "2499"]
[WhiteFideId "13402129"]
[BlackFideId "5011132"]
[EventDate "2018.04.02"]

1. e4 e5 2. Nf3 Nc6 3. Bb5 a6 4. Ba4 Nf6 5. O-O Be7 6. Re1 b5 7. Bb3 d6 8. c3
O-O 9. h3 Nb8 10. d4 Nbd7 11. c4 c6 12. Nc3 Bb7 13. a3 h6 14. Ba2 Nh7 15. cxb5
axb5 16. d5 Nb6 17. dxc6 Bxc6 18. Qe2 Nf6 19. Rd1 Qe8 20. Nh4 Na4 21. Nxa4 Rxa4
22. Ng6 Bxe4 23. Nxf8 Bxf8 24. Be3 Qa8 25. f3 Bd5 26. Qxb5 Bxf3 27. Rd2 Bc6 28.
Qb3 d5 29. Rc1 Ra6 30. Rf2 Ba4 31. Qd3 Qb7 32. Rc7 Qxc7 33. Qxa6 Qd7 34. Qa8 d4
35. Bxh6 Bc6 36. Qb8 Bd5 37. Bxd5 Nxd5 38. Bxg7 Kxg7 39. Qxe5+ f6 40. Qxd4 Qc6
41. Qg4+ Kf7 42. Qh5+ Kg7 43. Qg4+ Kf7 44. Rd2 Qc5+ 45. Kh2 Bd6+ 46. g3 Qe3 47.
Qh5+ Kg7 48. Qxd5 Bxg3+ 49. Kh1 Bf4 50. Qg2+ Kh6 51. Rf2 Be5 52. Rf1 1-0

[Event "20th Dubai Open 2018"]
[Site "Dubai UAE"]
[Date "2018.04.07"]
[Round "5.7"]
[White "Kovalev, Vladislav"]
[Black "Christiansen, Johan-Sebastian"]
[Result "1-0"]
[WhiteTitle "GM"]
[BlackTitle "IM"]
[WhiteElo "2648"]
[BlackElo "2498"]
[WhiteFideId "13504398"]
[BlackFideId "1512668"]
[EventDate "2018.04.02"]

1. e4 e6 2. d4 d5 3. Nd2 Be7 4. e5 c5 5. c3 cxd4 6. cxd4 Qb6 7. Ndf3 Bb4+ 8. Bd2
Nc6 9. Bxb4 Qxb4+ 10. Qd2 f6 11. Rc1 Qxd2+ 12. Kxd2 Bd7 13. Bd3 Nh6 14. Ne2 Ng4
15. exf6 gxf6 16. Rhf1 e5 17. h3 Nh6 18. Bb5 e4 19. Nh4 a6 20. Bxc6 Bxc6 21. f3
Ke7 22. fxe4 dxe4 23. Ke3 Rhg8 24. g4 Nf7 25. Nf5+ Kd7 26. Nf4 Ng5 27. Rc5 b6
28. Rc3 Rac8 29. Rfc1 Bb5 30. Rxc8 Rxc8 31. Rxc8 Kxc8 32. h4 Nf3 33. Nd5 Bd3 34.
Nxf6 Nh2 35. g5 Nf1+ 36. Kf4 Kc7 37. Ne3 1-0

[Event "20th Dubai Open 2018"]
[Site "Dubai UAE"]
[Date "2018.04.07"]
[Round "5.8"]
[White "Santiago, Yago De Moura"]
[Black "Mareco, Sandro"]
[Result "1-0"]
[WhiteTitle "GM"]
[BlackTitle "GM"]
[WhiteElo "2476"]
[BlackElo "2645"]
[WhiteFideId "2103877"]
[BlackFideId "112275"]
[EventDate "2018.04.02"]

1. c4 e5 2. Nc3 Bb4 3. Nd5 Bc5 4. Nf3 c6 5. Nc3 d6 6. e3 Bb4 7. Qc2 Nf6 8. b3
O-O 9. Bb2 Re8 10. a3 Ba5 11. b4 Bc7 12. Be2 Nbd7 13. d4 Qe7 14. h3 Nf8 15. g4
a5 16. b5 Ne6 17. d5 Nc5 18. g5 Nfd7 19. dxc6 bxc6 20. bxc6 Nb6 21. Nd5 Nxd5 22.
cxd5 g6 23. e4 Rb8 24. Bc3 f5 25. gxf6 Qxf6 26. Bd2 Rf8 27. Bg5 Qf7 28. Be3 Nb3
29. Rb1 a4 30. O-O Bb6 31. Kg2 Qa7 32. Qc3 Ba6 33. Bxa6 Qxa6 34. Bxb6 Rxb6 35.
Ng5 Rbb8 36. Ne6 Rf6 37. Rb2 Rc8 38. Rc2 Rxe6 39. dxe6 Nd4 40. Qc4 Qa8 41. e7+
Kg7 42. Rc3 Qa5 43. Rb1 Ne2 44. Rb7 Kh6 45. Qxe2 Qxc3 46. Qe3+ 1-0

[Event "20th Dubai Open 2018"]
[Site "Dubai UAE"]
[Date "2018.04.07"]
[Round "5.9"]
[White "Vishnu Prasanna, V"]
[Black "Efimenko, Zahar"]
[Result "1/2-1/2"]
[WhiteTitle "GM"]
[BlackTitle "GM"]
[WhiteElo "2510"]
[BlackElo "2634"]
[WhiteFideId "5030692"]
[BlackFideId "14107201"]
[EventDate "2018.04.02"]

1. d4 Nf6 2. c4 e6 3. Nc3 Bb4 4. e3 O-O 5. Bd3 c5 6. Ne2 d5 7. cxd5 cxd4 8. exd4
Nxd5 9. O-O Nc6 10. Nxd5 exd5 11. Nf4 Bd6 12. Re1 g6 13. Bc2 Nb4 14. Bb3 Bf5 15.
Bd2 Rc8 16. Bxb4 Bxb4 17. Re3 Be4 18. f3 Qg5 19. fxe4 Qxf4 20. Qf3 Qxf3 21. gxf3
dxe4 22. fxe4 Kg7 23. Kg2 f6 24. Rd1 Rfd8 25. Kf3 Kf8 26. Ke2 Rc7 27. h3 Ba5 28.
Rf3 Kg7 29. e5 fxe5 30. dxe5 Rxd1 31. Kxd1 Bb6 32. Rd3 Re7 33. e6 g5 34. Ke2 h5
35. Kf3 Kf6 36. Rd7 Ke5 1/2-1/2

[Event "20th Dubai Open 2018"]
[Site "Dubai UAE"]
[Date "2018.04.07"]
[Round "5.10"]
[White "Iniyan, P"]
[Black "Adly, Ahmed"]
[Result "1/2-1/2"]
[WhiteTitle "IM"]
[BlackTitle "GM"]
[WhiteElo "2466"]
[BlackElo "2626"]
[WhiteFideId "25002767"]
[BlackFideId "10601619"]
[EventDate "2018.04.02"]

1. d4 Nf6 2. c4 e6 3. Nc3 d5 4. Bg5 Be7 5. e3 h6 6. Bh4 O-O 7. Nf3 b6 8. Qb3 Bb7
9. Bxf6 Bxf6 10. cxd5 exd5 11. Rd1 Re8 12. Be2 c6 13. O-O Nd7 14. Bd3 Nf8 15. e4
dxe4 16. Nxe4 Bc8 17. Qc4 Bg4 18. Qxc6 Re6 19. Qa4 b5 20. Qxb5 Rb8 21. Qa4 Bxf3
22. gxf3 Rxb2 23. Bc4 Reb6 24. Qxa7 Be7 25. Bb3 Ng6 26. Rc1 R6xb3 27. axb3 Rxb3
28. Qc7 Qxd4 29. Rfd1 Qb4 30. Rc3 Nh4 31. Qc4 1/2-1/2

[Event "20th Dubai Open 2018"]
[Site "Dubai UAE"]
[Date "2018.04.07"]
[Round "5.11"]
[White "Yilmaz, Mustafa"]
[Black "Darini, Pouria"]
[Result "1-0"]
[WhiteTitle "GM"]
[BlackTitle "GM"]
[WhiteElo "2626"]
[BlackElo "2478"]
[WhiteFideId "6302718"]
[BlackFideId "12502200"]
[EventDate "2018.04.02"]

1. Nf3 Nf6 2. c4 g6 3. Nc3 d5 4. cxd5 Nxd5 5. h4 Bg7 6. e4 Nxc3 7. dxc3 Qxd1+ 8.
Kxd1 Nd7 9. h5 Nc5 10. h6 Bf8 11. e5 Bg4 12. Be3 e6 13. Be2 O-O-O+ 14. Nd4 Bxe2+
15. Kxe2 Be7 16. Rad1 Na4 17. Bc1 Rd5 18. Nf3 f6 19. Rh4 Nc5 20. exf6 Bxf6 21.
Rf4 Nd7 22. Be3 Re8 23. Re4 c6 24. Nd2 Bd8 25. Rf4 Rf5 26. g4 Rxf4 27. Bxf4 e5
28. Be3 Nf6 29. Rg1 Nd5 30. Ne4 Be7 31. Bg5 Kd7 32. c4 Nf4+ 33. Ke3 Rf8 34. Rd1+
Ke6 35. Bxe7 Ng2+ 36. Ke2 Nf4+ 37. Kf1 Kxe7 38. Nc5 b6 39. Rd7+ Ke8 40. Rxh7
bxc5 41. Rxa7 Ne6 42. h7 Rh8 43. a4 Nf8 44. a5 Kd8 45. a6 Kc8 46. Ra8+ Kc7 47.
Ke2 Kb6 48. Ke3 Ka5 49. Ke4 Kb6 50. f3 Ka5 51. g5 Kb6 52. a7 Kb7 53. Rd8 Kxa7
54. Kxe5 Kb6 55. Kd6 Ka5 56. Ke7 Rxh7+ 57. Kxf8 Kb4 58. Rd6 Rh3 59. Rxg6 Rxf3+
60. Rf6 Rg3 61. g6 Kxc4 62. g7 Kb3 63. g8=Q+ 1-0

[Event "20th Dubai Open 2018"]
[Site "Dubai UAE"]
[Date "2018.04.07"]
[Round "5.12"]
[White "Oleksiyenko, Mykhaylo"]
[Black "Chakravarthi Reddy, M"]
[Result "1-0"]
[WhiteTitle "GM"]
[BlackTitle "IM"]
[WhiteElo "2621"]
[BlackElo "2442"]
[WhiteFideId "4152417"]
[BlackFideId "25009532"]
[EventDate "2018.04.02"]

1. e4 e6 2. d4 d5 3. Nd2 Nf6 4. e5 Nfd7 5. Bd3 c5 6. c3 Nc6 7. Ne2 cxd4 8. cxd4
f6 9. exf6 Nxf6 10. Nf3 Bd6 11. O-O Qc7 12. g3 O-O 13. Bf4 Ng4 14. Rc1 Bxf4 15.
Nxf4 Rxf4 16. gxf4 Qxf4 17. Rc3 e5 18. Qd2 Qxd2 19. Nxd2 exd4 20. Rc5 Nge5 21.
Bb5 Bh3 22. Re1 Rf8 23. Bxc6 Nxc6 24. Rxd5 Nb4 25. Rd6 Nd3 26. Re7 Rc8 27. Nb3
Kf8 28. Re2 Nf4 29. Re4 1-0

[Event "20th Dubai Open 2018"]
[Site "Dubai UAE"]
[Date "2018.04.07"]
[Round "5.13"]
[White "Maghsoodloo, Parham"]
[Black "Haria, Ravi"]
[Result "1-0"]
[WhiteTitle "GM"]
[BlackTitle "IM"]
[WhiteElo "2615"]
[BlackElo "2441"]
[WhiteFideId "12539929"]
[BlackFideId "415820"]
[EventDate "2018.04.02"]

1. Nf3 Nf6 2. g3 d5 3. Bg2 e6 4. c4 Be7 5. O-O O-O 6. b3 b6 7. Bb2 Bb7 8. e3 c5
9. Qe2 Qc8 10. Nc3 Rd8 11. d3 Nc6 12. Rac1 d4 13. exd4 Nxd4 14. Nxd4 cxd4 15.
Nd5 Bc5 16. Nxf6+ gxf6 17. Qg4+ Kh8 18. Qh4 Kg7 19. Bxb7 Qxb7 20. Rce1 Qf3 21.
Re4 e5 22. Qg4+ Qxg4 23. Rxg4+ Kf8 24. Rh4 a5 25. a4 Kg7 26. Re4 Bd6 27. f4 exf4
28. gxf4 Re8 29. Rxe8 Rxe8 30. Bxd4 Bc5 31. Bf2 Rd8 32. Rd1 Bd4 33. f5 Kh6 34.
Bxd4 Rxd4 35. Kf2 Kg5 36. Ke3 Rh4 37. b4 axb4 38. Rb1 Rxh2 39. Rxb4 h5 40. Rxb6
h4 41. Rb8 Kxf5 42. Rh8 Kg4 43. c5 Rc2 44. d4 h3 45. Kd3 Rc1 46. a5 Kg3 47. a6
h2 48. a7 Ra1 49. d5 Rxa7 50. d6 Ra3+ 51. Ke2 Ra2+ 52. Ke3 Ra3+ 53. Ke2 Ra2+ 54.
Kd3 Ra3+ 55. Kc4 Ra4+ 56. Kb5 Rh4 57. Rxh4 Kxh4 58. d7 h1=Q 59. d8=Q Qb1+ 60.
Ka6 Qa2+ 61. Kb7 Qb3+ 62. Qb6 Qd5+ 63. c6 f5 64. Ka7 Qa2+ 65. Kb8 Qh2+ 66. c7
Qe5 67. Ka7 Qe7 68. Qd4+ Kg3 69. Kb8 1-0

[Event "20th Dubai Open 2018"]
[Site "Dubai UAE"]
[Date "2018.04.07"]
[Round "5.14"]
[White "Tabatabaei, M.amin"]
[Black "Sundararajan, Kidambi"]
[Result "1/2-1/2"]
[WhiteTitle "IM"]
[BlackTitle "GM"]
[WhiteElo "2605"]
[BlackElo "2436"]
[WhiteFideId "12521213"]
[BlackFideId "5005370"]
[EventDate "2018.04.02"]

1. e4 e6 2. d4 d5 3. Nc3 Nf6 4. e5 Nfd7 5. f4 c5 6. Nf3 Nc6 7. Be3 a6 8. Qd2 b5
9. Be2 Bb7 10. Nd1 Be7 11. O-O O-O 12. Nf2 cxd4 13. Nxd4 Rc8 14. a3 Nc5 15. b4
Ne4 16. Nxe4 dxe4 17. Nb3 Qxd2 18. Nxd2 f6 19. Bg4 f5 20. Be2 g5 21. g3 gxf4 22.
gxf4 Kh8 23. Rac1 Rg8+ 24. Kh1 Nxb4 25. axb4 Rc3 26. Bc5 Bxc5 27. bxc5 Rh3 28.
Rcd1 Rg6 29. c3 Rgh6 30. Kg1 Rg6+ 31. Kh1 Rgh6 32. Kg1 Rg6+ 1/2-1/2

[Event "20th Dubai Open 2018"]
[Site "Dubai UAE"]
[Date "2018.04.07"]
[Round "5.15"]
[White "Karthik, Venkataraman"]
[Black "Flores, Diego"]
[Result "0-1"]
[WhiteTitle "FM"]
[BlackTitle "GM"]
[WhiteElo "2470"]
[BlackElo "2601"]
[WhiteFideId "25006479"]
[BlackFideId "108049"]
[EventDate "2018.04.02"]

1. e4 e5 2. Nf3 Nc6 3. Bb5 Nf6 4. d3 d6 5. c3 Bd7 6. Nbd2 g6 7. Nf1 Bg7 8. Ng3
O-O 9. O-O h6 10. Re1 Re8 11. d4 Nxd4 12. Nxd4 exd4 13. Bxd7 Qxd7 14. cxd4 h5
15. Qf3 Qa4 16. Qd3 c5 17. dxc5 dxc5 18. Bg5 Nh7 19. Qd2 b6 20. b3 Qa5 21. Rac1
Nxg5 22. Qxg5 Qxa2 23. f4 Qxb3 24. e5 Kh7 25. f5 Qb2 26. Nxh5 Rxe5 27. Nxg7
Rxe1+ 28. Rxe1 Kxg7 29. fxg6 Qf6 30. Qg3 fxg6 31. Rd1 Re8 32. h3 Re7 33. Rd6
Qa1+ 34. Kh2 Qe5 35. Rxg6+ Kf7 36. Rc6 b5 37. Qxe5 Rxe5 38. Kg3 a5 39. Kf4 Rd5
40. Ke4 Rd4+ 41. Ke5 Rc4 42. g4 b4 43. Rb6 Rc1 44. g5 a4 45. g6+ Kg7 46. Kf5
Rf1+ 47. Kg5 Rg1+ 48. Kh5 a3 49. Rb7+ Kf6 50. Rb6+ Kf5 51. Ra6 Rxg6 52. Rxg6 a2 0-1

[Event "20th Dubai Open 2018"]
[Site "Dubai UAE"]
[Date "2018.04.07"]
[Round "5.16"]
[White "Volkov, Sergey"]
[Black "Tahbaz, Arash"]
[Result "1/2-1/2"]
[WhiteTitle "GM"]
[BlackTitle "IM"]
[WhiteElo "2598"]
[BlackElo "2434"]
[WhiteFideId "4122763"]
[BlackFideId "12528846"]
[EventDate "2018.04.02"]

1. d4 Nf6 2. c4 e6 3. Nc3 Bb4 4. a3 Bxc3+ 5. bxc3 O-O 6. f3 Ne8 7. e4 b6 8. Bd3
Ba6 9. Nh3 Nc6 10. O-O Na5 11. Qe2 c5 12. e5 h6 13. d5 exd5 14. cxd5 Bxd3 15.
Qxd3 d6 16. f4 c4 17. Qf3 Nb3 18. Rb1 Nc7 19. Rd1 Re8 20. Nf2 Nxc1 21. Rbxc1
dxe5 22. d6 Ne6 23. d7 Rf8 24. fxe5 Qg5 25. Ne4 Qxe5 26. Nd6 Rad8 27. Nb7 Rb8
28. Qc6 Nf4 29. Re1 Qg5 30. Rcd1 Ne6 31. Nd6 Qc5+ 32. Qxc5 Nxc5 33. Nc8 Rbxc8
34. dxc8=Q Rxc8 35. Re7 a6 36. Rf1 f6 37. Rf4 Kf8 38. Ra7 b5 39. Rg4 g5 40. Rd4
Re8 41. Rd6 Ne4 42. Rdxa6 Rd8 43. h3 h5 44. Re6 Re8 45. Raa6 Re7 46. a4 bxa4 47.
Rxe7 Kxe7 48. Rxa4 Nxc3 49. Rxc4 Nd5 50. h4 Kf7 51. Kf2 gxh4 52. Rc5 Ke6 53. Kf3
Ke5 54. Ra5 Ke6 55. Ke4 Nc3+ 56. Kd4 Ne2+ 57. Ke3 Ng3 58. Kf4 Kf7 59. Kf3 Kg6
60. Ra4 Kg5 61. Ra8 Kg6 62. Kf4 Kg7 63. Kf3 Kg6 64. Ra5 Nf5 65. Ke4 Ng3+ 66. Kd5
Ne2 67. Ke4 Ng3+ 68. Ke3 Nf5+ 69. Kf2 Nh6 70. Ra4 Kg5 71. Kf3 Nf5 72. Ra8 Ng3
73. Rg8+ Kf5 74. Kf2 Ke6 75. Rg7 Kf5 76. Kg1 Ne2+ 77. Kh2 Nf4 78. Ra7 Kg5 79.
Ra5+ Kg4 80. Rb5 Ne2 81. Rb6 Kg5 82. Rb2 Ng3 83. Kh3 Nf5 84. Rb8 Kg6 85. Rh8 Kg5
86. Rg8+ Kh6 87. Kh2 Kh7 88. Ra8 Kg6 89. Kg1 Ng3 90. Kf2 Kg5 91. Rg8+ Kf5 92.
Ke3 Ke5 93. Re8+ Kf5 94. Kd4 Kf4 95. Rf8 Kf5 96. Ke3 Kg5 97. Kf3 Kf5 98. Rg8 Ne4
99. Ke3 Ng3 100. Kf2 Ke5 101. Kg1 Ne2+ 102. Kh2 Nf4 103. Re8+ 1/2-1/2

[Event "20th Dubai Open 2018"]
[Site "Dubai UAE"]
[Date "2018.04.07"]
[Round "5.17"]
[White "Can, Emre"]
[Black "Harsha, Bharathakoti"]
[Result "1/2-1/2"]
[WhiteTitle "GM"]
[BlackTitle "IM"]
[WhiteElo "2590"]
[BlackElo "2424"]
[WhiteFideId "6302181"]
[BlackFideId "5078776"]
[EventDate "2018.04.02"]

1. d4 Nf6 2. c4 e6 3. Nf3 d5 4. g3 dxc4 5. Bg2 a6 6. O-O Nc6 7. e3 Rb8 8. Nfd2
Qd7 9. Nxc4 b5 10. Ncd2 Be7 11. Nb3 O-O 12. Bd2 Bb7 13. Qc2 e5 14. Rc1 Nd5 15.
dxe5 Nxe5 16. e4 Nb4 17. Qxc7 Nbd3 18. Qxd7 Nxd7 19. Rc7 Rfd8 20. Bh3 Bf6 21.
Bxd7 Bxb2 22. Bc3 Bxa1 23. Bxa1 Bxe4 24. N1d2 Rb7 25. Rxb7 Bxb7 26. Bg4 Re8 27.
Nf1 h5 28. Bf5 Be4 29. Bh3 Nb4 30. a3 Nc2 31. Bb2 Bd5 32. Nc5 a5 33. Bf5 Ne1 34.
Ne3 Nf3+ 35. Kf1 Nxh2+ 36. Ke2 Bc6 37. Bc3 Ra8 38. Nb3 b4 39. Nd4 Bb7 40. axb4
axb4 41. Bxb4 Ra2+ 42. Bd2 Nf3 43. Nxf3 Bxf3+ 44. Kd3 1/2-1/2

[Event "20th Dubai Open 2018"]
[Site "Dubai UAE"]
[Date "2018.04.07"]
[Round "5.18"]
[White "Narayanan, S.L."]
[Black "Dimakiling, Oliver"]
[Result "1-0"]
[WhiteTitle "GM"]
[BlackTitle "IM"]
[WhiteElo "2568"]
[BlackElo "2412"]
[WhiteFideId "5058422"]
[BlackFideId "5202248"]
[EventDate "2018.04.02"]

1. e4 d6 2. d4 Nf6 3. Nc3 e5 4. Nf3 exd4 5. Nxd4 g6 6. Be3 Ng4 7. Bf4 Bg7 8. Be2
Ne5 9. Qd2 Nbc6 10. Bg5 f6 11. Be3 O-O 12. O-O-O Nxd4 13. Bxd4 Be6 14. h4 h5 15.
Kb1 c6 16. Be3 Nf7 17. Rhg1 Qa5 18. g4 hxg4 19. Bxg4 Bxg4 20. Rxg4 Ne5 21. Rg3
f5 22. Bd4 fxe4 23. Qe2 Rae8 24. Qxe4 Qc7 25. Rdg1 Nf3 26. Qxg6 Nxd4 27. Qxg7+
Qxg7 28. Rxg7+ Kh8 29. Rxb7 Rxf2 30. Rd1 Nf5 31. Rxa7 d5 32. Rf7 d4 33. Na4 Ree2
34. Rc1 Nxh4 35. Rxf2 Rxf2 36. Nc5 Nf3 37. a4 Nd2+ 38. Ka2 Rf5 39. Nb3 Nf3 40.
Rf1 Kg7 41. Nd2 Nh4 42. Rxf5 Nxf5 43. a5 Nd6 44. Kb3 Kf6 45. Kb4 Ke6 46. a6 Nc8
47. Kc5 d3 48. cxd3 Kd7 49. Nc4 Kc7 50. Ne5 Nb6 51. b3 1-0

[Event "20th Dubai Open 2018"]
[Site "Dubai UAE"]
[Date "2018.04.07"]
[Round "5.19"]
[White "Krysa, Leandro"]
[Black "Arjun, Kalyan"]
[Result "1/2-1/2"]
[WhiteTitle "GM"]
[WhiteElo "2543"]
[BlackElo "2397"]
[WhiteFideId "116807"]
[BlackFideId "35018701"]
[EventDate "2018.04.02"]

1. d4 Nf6 2. c4 g6 3. g3 Bg7 4. Bg2 O-O 5. Nc3 d6 6. Nf3 Nbd7 7. O-O e5 8. b3
Re8 9. e4 exd4 10. Nxd4 Nc5 11. f3 c6 12. Be3 d5 13. Nxc6 bxc6 14. Bxc5 dxc4 15.
f4 Nd7 16. Bd4 Nc5 17. Bxg7 Kxg7 18. Qxd8 Rxd8 19. bxc4 Rb8 20. e5 Rb2 21. Bxc6
Rdd2 22. Rab1 Rbc2 23. Rfc1 Rxh2 24. Rxc2 Rxc2 25. Ne4 Nxe4 26. Bxe4 Rxc4 27.
Bd5 Rc5 28. Rd1 Kf8 29. Rd2 Ke7 30. Kf2 1/2-1/2

[Event "20th Dubai Open 2018"]
[Site "Dubai UAE"]
[Date "2018.04.07"]
[Round "5.20"]
[White "Khademalsharieh, Sarasadat"]
[Black "Ghaem Maghami, Ehsan"]
[Result "1/2-1/2"]
[WhiteTitle "IM"]
[BlackTitle "GM"]
[WhiteElo "2424"]
[BlackElo "2523"]
[WhiteFideId "12512214"]
[BlackFideId "12500739"]
[EventDate "2018.04.02"]

1. d4 Nf6 2. c4 g6 3. g3 Bg7 4. Bg2 O-O 5. Nc3 d6 6. Nf3 Nbd7 7. O-O e5 8. e4
exd4 9. Nxd4 Re8 10. h3 Nc5 11. Re1 a5 12. Rb1 c6 13. b3 Nfd7 14. Be3 Nf6 15.
Bc1 Nfd7 16. Be3 Nf6 17. Bc1 Nfd7 1/2-1/2

[Event "20th Dubai Open 2018"]
[Site "Dubai UAE"]
[Date "2018.04.07"]
[Round "5.21"]
[White "Saravana, Krishnan P."]
[Black "Akopian, Vladimir"]
[Result "1/2-1/2"]
[BlackTitle "GM"]
[WhiteElo "2312"]
[BlackElo "2667"]
[WhiteFideId "5018382"]
[BlackFideId "13300032"]
[EventDate "2018.04.02"]

1. e4 g6 2. d4 Bg7 3. Nc3 c6 4. Nf3 d6 5. h3 Nf6 6. Bg5 O-O 7. Qd2 b5 8. Bd3 Qc7
9. O-O e5 10. dxe5 dxe5 11. Ne2 Nbd7 12. Qe3 Bb7 13. Ng3 Qb6 14. c3 Qxe3 15.
Bxe3 Rfd8 16. Rfd1 Ne8 17. a4 a6 18. Be2 Bf8 19. b4 Be7 20. Nd2 Ndf6 21. Nb3
Rxd1+ 22. Bxd1 Rd8 23. Be2 h5 24. Bc5 Kf8 25. Bxe7+ Kxe7 26. Nc5 Bc8 27. axb5
cxb5 28. Nf1 Nc7 29. Ne3 h4 30. Kf1 Ne6 31. Nxe6 Bxe6 32. f3 Rd6 33. c4 bxc4 34.
Bxc4 1/2-1/2

[Event "20th Dubai Open 2018"]
[Site "Dubai UAE"]
[Date "2018.04.07"]
[Round "5.22"]
[White "Amin, Bassem"]
[Black "Sidhant, Mohapatra"]
[Result "1-0"]
[WhiteTitle "GM"]
[BlackTitle "IM"]
[WhiteElo "2700"]
[BlackElo "2382"]
[WhiteFideId "10601457"]
[BlackFideId "5028698"]
[EventDate "2018.04.02"]

1. Nf3 d5 2. g3 g6 3. Bg2 Bg7 4. O-O e5 5. c4 Ne7 6. cxd5 Nxd5 7. Nc3 Ne7 8. e3
O-O 9. d4 exd4 10. exd4 c6 11. Re1 h6 12. Bf4 Nf5 13. d5 cxd5 14. Nxd5 Na6 15.
g4 Be6 16. Nc7 Nd4 17. Nxa6 Bxg4 18. Nc7 Rc8 19. Rc1 Qd7 20. Rc4 Rfd8 21. Rxd4
Bxd4 22. Qxd4 Qxd4 23. Nxd4 Rxd4 24. Nd5 Rc5 25. Nf6+ Kg7 26. Be3 Re5 27. Nxg4
Rxg4 28. Bxh6+ 1-0

[Event "20th Dubai Open 2018"]
[Site "Dubai UAE"]
[Date "2018.04.07"]
[Round "5.23"]
[White "Omar, Noaman"]
[Black "Anton Guijarro, David"]
[Result "0-1"]
[WhiteTitle "IM"]
[BlackTitle "GM"]
[WhiteElo "2372"]
[BlackElo "2653"]
[WhiteFideId "9300244"]
[BlackFideId "2285525"]
[EventDate "2018.04.02"]

1. d4 Nf6 2. c4 e6 3. Nf3 d5 4. Nc3 dxc4 5. e4 Bb4 6. Bxc4 Nxe4 7. O-O Nxc3 8.
bxc3 Bd6 9. Ng5 h6 10. Qh5 g6 11. Qh3 Kf8 12. Re1 Kg7 13. Nxf7 Kxf7 14. Bxh6 Qf6
15. Re3 Bf4 0-1

[Event "20th Dubai Open 2018"]
[Site "Dubai UAE"]
[Date "2018.04.07"]
[Round "5.24"]
[White "Kiriakov, Petr"]
[Black "Muthaiah, AL"]
[Result "0-1"]
[WhiteTitle "GM"]
[WhiteElo "2520"]
[BlackElo "2372"]
[WhiteFideId "4119231"]
[BlackFideId "5092442"]
[EventDate "2018.04.02"]

1. d4 Nf6 2. c4 e6 3. Nc3 Bb4 4. Qb3 c5 5. dxc5 Na6 6. a3 Bxc3+ 7. Qxc3 Nxc5 8.
b4 Nce4 9. Qd4 d5 10. cxd5 Qxd5 11. Bb2 Qxd4 12. Bxd4 O-O 13. f3 Rd8 14. Bb2 Nd6
15. e4 Nfe8 16. g4 Bd7 17. e5 Nb5 18. a4 Nbc7 19. h3 a6 20. Bc3 Nd5 21. Bd2 Rac8
22. Bd3 Nc3 23. Bc2 Nc7 24. Ne2 N7d5 25. Nxc3 Nxc3 26. Rh2 Nd5 27. Bb3 Bc6 28.
Rf2 h6 29. Rc1 Ne7 30. Rc3 Bd5 31. Rxc8 Rxc8 32. Bd1 Rc4 33. f4 Bc6 34. Bb3 Rd4
35. Ke2 Nd5 36. Bxd5 Rxd5 37. a5 Bb5+ 38. Ke1 Rd3 39. Rh2 Rf3 40. Kd1 Bf1 41. h4
Bh3 42. g5 h5 43. Ke1 Bg4 44. g6 fxg6 45. Bc1 Rb3 46. Rc2 Rxb4 47. Be3 Bf5 48.
Rc7 g5 49. fxg5 Rxh4 50. Rxb7 Ra4 51. Bd2 h4 52. Rb4 Ra1+ 53. Kf2 h3 54. Rh4 Kf7
55. Rh8 Kg6 56. Rh4 Ra2 57. Ke1 Bg4 58. Bf4 Kf5 59. Bd2 g6 0-1